[Event "XV South American-ch Open U20 2019"]
[Site "Asuncion"]
[Date "2019.05.12"]
[Round "2.1"]
[White "Estrada Lavin, Cristian Alexand"]
[Black "Coro, Lucas"]
[Result "1-0"]
[WhiteElo "2116"]
[BlackElo "2315"]
[Annotator "TA"]
[PlyCount "73"]
[EventDate "2019.05.11"]
[EventType "swiss"]
[EventCountry "PAR"]
[SourceTitle "playchess.com"]
[Source "ChessBase"]
[SourceQuality "1"]

{[%evp 19,81,10,9,12,23,0,0,0,0,0,21,15,26,11,12,0,0,0,0,0,0,0,17,0,0,-11,15,24,28,7,35,27,59,71,85,52,60,22,30,20,21,14,41,0,0,0,0,0,43,37,763,742,729,579,29991,29987,29987,29988,29990,29991,29991,29992,29992,29992]} 1. Nf3 Nf6 2. g3 d5 3. Bg2 c6 4. b3 Bf5 5. Bb2 e6 6. d3 h6 7. Nbd2 Be7 8. O-O O-O 9. Re1 Bh7 10. e4 a5 11. a4 {A07: Réti Opening: New York and Capablanca Systems} (11. a3 Na6 12. Qe2 b5 13. Rad1 Qb6 14. Bh3 dxe4 15. Nxe4 Nxe4 16. dxe4 Rad8 17. Ne5 Bf6 18. Bg2 Nb8 19. c4 {1-0 (52) Fedoseev,V (2724)-Shankland,S (2725) Wijk aan Zee 2019}) 11... Na6 12. e5 Nd7 13. Nd4 {[#] The position is equal.} Re8 $146 ({Predecessor:} 13... c5 14. Nb5 Nb4 15. f4 Rc8 16. Re2 Nb6 17. Nf1 Qd7 18. Ne3 Rfd8 {0-1 (45) Larino Nieto,D (2434)-Jovanic,O (2515) Dublin 2019}) 14. Kh1 Bf8 15. f4 Qb6 16. Qe2 Nc7 17. Rf1 c5 18. N4f3 Na6 19. Rac1 Nb4 20. g4 Rac8 21. Ne1 Qc7 22. c3 Na6 23. Nc2 Qb6 24. Na3 Rcd8 25. Nb5 Nc7 26. c4 $1 Nb8 27. f5 Nc6 28. Rce1 Nb4 29. Rf3 Nxb5 30. cxb5 Nc2 31. Ref1 (31. Nc4 $5 dxc4 32. Qxc2 $11) 31... Nd4 $1 {[%cal Rd4e2]} 32. Bxd4 cxd4 33. f6 Rd7 34. g5 hxg5 $2 {[%mdl 8192]} (34... g6 $14) 35. Rh3 $18 {Intending Qh5! and mate.} Bg6 {[#]} 36. Qg4 $1 Bb4 37. Qxg5 {Played: Nd2-f3} 1-0

[Event "XV South American-ch Open U20 2019"]
[Site "Asuncion"]
[Date "2019.05.12"]
[Round "2.2"]
[White "Munoz, Francisco Javier"]
[Black "Heinechen, Juan"]
[Result "1-0"]
[WhiteElo "2308"]
[BlackElo "2123"]
[Annotator "NA"]
[PlyCount "59"]
[EventDate "2019.05.11"]
[EventType "swiss"]
[EventCountry "PAR"]
[SourceTitle "playchess.com"]
[Source "ChessBase"]
[SourceQuality "1"]
[TimeControl "5400+30"]

1. e4 {[%emt 0:00:30]} e5 {[%emt 0:00:30]} 2. Nf3 {[%emt 0:00:00]} Nf6 {[%emt 0:00:00]} 3. Nxe5 {[%emt 0:01:00]} d6 {[%emt 0:00:00]} 4. Nf3 {[%emt 0:00:30]} Nxe4 {[%emt 0:00:30]} 5. Nc3 {[%emt 0:00:30]} Nxc3 {[%emt 0:00:00]} 6. dxc3 {[%emt 0:00:00]} Be7 {[%emt 0:01:00]} 7. Be3 {[%emt 0:03:00]} Nc6 $11 {[%emt 0:11:30]} 8. Qd2 {[%emt 0:00:30]} Be6 {[%emt 0:00:00]} 9. O-O-O {[%emt 0:12:30]} Qd7 {[%emt 0:00:00]} 10. Kb1 {[%emt 0:01:30]} Bf6 {[%emt 0:11:30]} 11. h3 {[%emt 0:36:30]} a6 {[%emt 0:31:30]} 12. Ng5 {[%emt 0:00:30]} Bxg5 {[%emt 0:00:30]} 13. Bxg5 {[%emt 0:00:30]} f6 {[%emt 0:00:30]} 14. Be3 {[%emt 0:00:30]} O-O-O {[%emt 0:00:30]} 15. Be2 {[%emt 0:00:30]} Rhe8 {[%emt 0:00:30]} 16. b3 {[%emt 0:00:30]} Bf5 {[%emt 0:00:30]} 17. c4 {[%emt 0:00:30]} a5 {[%emt 0:00:30]} 18. a3 {[%emt 0:00:30]} Qf7 {[%emt 0:04:30]} 19. Qc3 {[%emt 0:07:30]} Qg6 {[%emt 0:05:30]} 20. g4 {[%emt 0:01:30]} Be4 {[%emt 0:01:30]} 21. Rhg1 {[%emt 0:01:30]} h6 {[%emt 0:07:30]} 22. Kb2 {[%emt 0:01:30]} Qf7 {[%emt 0:03:08]} 23. b4 {[%emt 0:07:30]} axb4 {[%emt 0:05:07]} 24. axb4 {[%emt 0:00:30]} d5 {[%emt 0:00:34]} 25. cxd5 {[%emt 0:01:30]} Bxd5 {[%emt 0:00:22]} 26. Rd2 {[%emt 0:01:54]} Ne5 {[%emt 0:00:43]} 27. Ra1 {[%emt 0:00:36]} Rd6 {[%emt 0:04:51]} 28. Bc5 {[%emt 0:02:52]} Rc6 {[%emt 0:00:50]} 29. Qd4 {[%emt 0:01:03]} b6 30. Rd3 1-0

[Event "XV South American-ch Open U20 2019"]
[Site "Asuncion"]
[Date "2019.05.12"]
[Round "2.3"]
[White "Suarez, Pedro"]
[Black "Aguilar, Luis Miguel"]
[Result "1-0"]
[WhiteElo "2077"]
[BlackElo "2193"]
[Annotator "NA"]
[PlyCount "81"]
[EventDate "2019.05.11"]
[EventType "swiss"]
[EventCountry "PAR"]
[SourceTitle "playchess.com"]
[Source "ChessBase"]
[SourceQuality "1"]
[TimeControl "5400+30"]

1. d4 {[%emt 0:00:30]} Nf6 {[%emt 0:04:30]} 2. c4 {[%emt 0:00:00]} c5 {[%emt 0:00:30]} 3. d5 {[%emt 0:00:00]} e6 {[%emt 0:00:30]} 4. Nc3 {[%emt 0:00:30]} exd5 {[%emt 0:00:00]} 5. cxd5 {[%emt 0:00:30]} d6 {[%emt 0:00:00]} 6. Nf3 {[%emt 0:00:30]} g6 {[%emt 0:00:30]} 7. Bf4 {[%emt 0:00:00]} a6 {[%emt 0:00:30]} 8. a4 {[%emt 0:00:00]} Bg7 {[%emt 0:08:30]} 9. h3 {[%emt 0:00:30]} O-O {[%emt 0:00:30]} 10. e3 {[%emt 0:00:30]} Ne8 {[%emt 0:03:30]} 11. Be2 {[%emt 0:02:30]} Nd7 {[%emt 0:06:30]} 12. O-O {[%emt 0:03:30]} Rb8 {[%emt 0:02:30]} 13. Qc2 {[%emt 0:04:30]} Qe7 {[%emt 0:02:30]} 14. Rfd1 {[%emt 0:10:30]} Ne5 {[%emt 0:03:30]} 15. Rab1 {[%emt 0:05:30]} Bf5 {[%emt 0:13:30]} 16. e4 {[%emt 0:02:30]} Bd7 {[%emt 0:00:00]} 17. Nxe5 {[%emt 0:07:30]} Bxe5 {[%emt 0:00:00]} 18. Bxe5 {[%emt 0:00:30]} Qxe5 {[%emt 0:01:30]} 19. b4 {[%emt 0:03:30]} f5 {[%emt 0:29:30]} 20. bxc5 {[%emt 0:02:30]} dxc5 {[%emt 0:00:00]} 21. d6 {[%emt 0:04:30]} fxe4 {[%emt 0:02:00]} 22. Bc4+ {[%emt 0:00:30]} Kh8 {[%emt 0:00:30]} 23. Rd5 {[%emt 0:00:30]} Qf4 {[%emt 0:01:17]} 24. Nxe4 {[%emt 0:00:30]} Bc6 {[%emt 0:00:58]} 25. g3 {[%emt 0:01:30]} Qh6 {[%emt 0:07:06]} 26. Rxc5 {[%emt 0:06:30]} Rd8 {[%emt 0:00:46]} 27. Ng5 {[%emt 0:01:30]} Rxd6 {[%emt 0:04:58]} 28. Qc3+ {[%emt 0:01:30]} Nf6 {[%emt 0:01:13]} 29. Qe5 {[%emt 0:01:30]} Rd7 {[%emt 0:02:16]} 30. Ne6 {[%emt 0:00:30]} Re7 {[%emt 0:02:46]} 31. Qc3 {[%emt 0:01:30]} Rxe6 {[%emt 0:02:36]} 32. Bxe6 {[%emt 0:00:00]} Qg7 {[%emt 0:00:31]} 33. Re1 {[%emt 0:01:00]} Ne8 {[%emt 0:00:32]} 34. Qxg7+ {[%emt 0:00:30]} Nxg7 {[%emt 0:00:11]} 35. Bd5 {[%emt 0:00:00]} Bxa4 {[%emt 0:00:13]} 36. Bxb7 {[%emt 0:00:00]} Bb5 {[%emt 0:00:19]} 37. Rc7 {[%emt 0:00:30]} Nf5 {[%emt 0:00:39]} 38. g4 {[%emt 0:00:30]} Nd4 {[%emt 0:01:03]} 39. Ree7 {[%emt 0:00:00]} Nf3+ {[%emt 0:00:26]} 40. Bxf3 {[%emt 0:00:00]} Rxf3 {[%emt 0:00:04]} 41. Rc8+ {[%emt 0:00:00]} 1-0

[Event "XV South American-ch Open U20 2019"]
[Site "Asuncion"]
[Date "2019.05.12"]
[Round "2.4"]
[White "Zambrano Acebo, Jean Junior"]
[Black "Menacho Admen, Victor Gabriel"]
[Result "1-0"]
[WhiteElo "2174"]
[BlackElo "1103"]
[Annotator "NA"]
[PlyCount "43"]
[EventDate "2019.05.11"]
[EventType "swiss"]
[EventCountry "PAR"]
[SourceTitle "playchess.com"]
[Source "ChessBase"]
[SourceQuality "1"]
[TimeControl "5400+30"]

1. e4 {[%emt 0:07:30]} e5 {[%emt 0:00:30]} 2. Nf3 {[%emt 0:00:00]} Nc6 {[%emt 0:00:00]} 3. Bb5 {[%emt 0:02:00]} d6 {[%emt 0:01:00]} 4. d4 {[%emt 0:03:30]} f6 {[%emt 0:05:30]} 5. h3 {[%emt 0:06:30]} Bd7 {[%emt 0:07:30]} 6. Nc3 {[%emt 0:04:30]} a6 {[%emt 0:02:30]} 7. Ba4 {[%emt 0:00:30]} exd4 {[%emt 0:09:30]} 8. Nxd4 {[%emt 0:00:30]} Nxd4 {[%emt 0:00:30]} 9. Bxd7+ {[%emt 0:00:00]} Qxd7 {[%emt 0:00:00]} 10. Qxd4 {[%emt 0:00:00]} Ne7 {[%emt 0:09:00]} 11. b3 {[%emt 0:23:30]} Nc6 {[%emt 0:03:30]} 12. Qd2 {[%emt 0:02:30]} Ne7 {[%emt 0:15:30]} 13. Bb2 {[%emt 0:03:30]} O-O-O {[%emt 0:02:30]} 14. O-O-O {[%emt 0:01:30]} c6 {[%emt 0:01:30]} 15. f4 {[%emt 0:06:30]} d5 {[%emt 0:09:30]} 16. e5 {[%emt 0:04:30]} fxe5 {[%emt 0:01:30]} 17. Na4 {[%emt 0:01:30]} Kb8 {[%emt 0:02:30]} 18. Bxe5+ {[%emt 0:00:30]} Ka7 {[%emt 0:01:30]} 19. Qd4+ {[%emt 0:00:00]} b6 {[%emt 0:03:30]} 20. Qxb6+ {[%emt 0:00:00]} Ka8 {[%emt 0:00:30]} 21. Qxa6+ {[%emt 0:00:30]} Qa7 {[%emt 0:00:30]} 22. Nb6# 1-0

[Event "XV South American-ch Open U20 2019"]
[Site "Asuncion"]
[Date "2019.05.12"]
[Round "2.5"]
[White "Zapata Charles, Santiago"]
[Black "Vazquez, Facundo"]
[Result "1-0"]
[WhiteElo "2322"]
[BlackElo "2086"]
[Annotator "ChessBase"]
[PlyCount "112"]
[EventDate "2019.05.11"]
[EventType "swiss"]
[EventCountry "PAR"]
[SourceTitle "playchess.com"]
[Source "ChessBase"]
[SourceQuality "1"]
[TimeControl "5400+30"]

1. e4 {[%emt 0:00:30]} e6 {[%emt 0:00:30]} 2. d4 {[%emt 0:00:00]} d5 {[%emt 0:00:30]} 3. Nd2 {[%emt 0:00:00]} Nf6 {[%emt 0:00:00]} 4. e5 {[%emt 0:00:00]} Nfd7 {[%emt 0:00:00]} 5. Bd3 {[%emt 0:00:00]} c5 {[%emt 0:00:30]} 6. c3 {[%emt 0:00:00]} Nc6 {[%emt 0:01:30]} 7. Ne2 {[%emt 0:00:00]} cxd4 {[%emt 0:00:00]} 8. cxd4 {[%emt 0:00:00]} f6 {[%emt 0:03:00]} 9. exf6 {[%emt 0:00:00]} Nxf6 {[%emt 0:00:00]} 10. O-O {[%emt 0:00:00]} Bd6 {[%emt 0:02:00]} 11. Nf3 {[%emt 0:00:00]} Qc7 {[%emt 0:00:30]} 12. h3 {[%emt 0:00:30]} O-O {[%emt 0:04:30]} 13. Be3 {[%emt 0:01:30]} Bd7 {[%emt 0:03:30]} 14. Rc1 {[%emt 0:00:00]} Rac8 {[%emt 0:06:30]} 15. a3 {[%emt 0:04:00]} Qb6 {[%emt 0:07:30]} 16. b4 {[%emt 0:02:30]} a5 {[%emt 0:07:30]} 17. b5 {[%emt 0:01:30]} Nd8 {[%emt 0:01:30]} 18. Rxc8 {[%emt 0:04:30]} Bxc8 {[%emt 0:00:30]} 19. a4 {[%emt 0:00:30]} Nf7 {[%emt 0:00:30]} 20. Ne5 {[%emt 0:01:30]} Qd8 {[%emt 0:07:30]} 21. f4 {[%emt 0:01:30]} Bb4 {[%emt 0:06:30]} 22. Qb1 {[%emt 0:03:30]} Nd6 {[%emt 0:06:30]} 23. Ng3 {[%emt 0:12:30]} Qe7 {[%emt 0:05:30]} 24. Rf3 {[%emt 0:03:30]} g6 {[%emt 0:03:30]} 25. Rf2 {[%emt 0:13:30]} Nf5 {[%emt 0:02:30]} 26. Nxf5 {[%emt 0:00:30]} exf5 {[%emt 0:00:30]} 27. Bd2 {[%emt 0:26:30]} Bxd2 {[%emt 0:18:51]} 28. Rxd2 {[%emt 0:00:30]} Nh5 {[%emt 0:00:36]} 29. Rf2 {[%emt 0:00:30]} Be6 {[%emt 0:00:37]} 30. Qe1 {[%emt 0:00:30]} Qb4 {[%emt 0:00:33]} 31. Qxb4 {[%emt 0:00:30]} axb4 {[%emt 0:00:37]} 32. Rb2 {[%emt 0:00:30]} Nxf4 {[%emt 0:00:34]} 33. Bf1 {[%emt 0:03:30]} Ra8 {[%emt 0:01:37]} 34. Rxb4 {[%emt 0:00:30]} Kf8 {[%emt 0:00:30]} 35. b6 {[%emt 0:00:30]} Ke7 {[%emt 0:00:30]} 36. Bb5 {[%emt 0:00:30]} Bc8 {[%emt 0:00:30]} 37. Kf2 {[%emt 0:08:24]} Ne6 {[%emt 0:01:43]} 38. Ke3 {[%emt 0:00:57]} Nf8 {[%emt 0:01:35]} 39. Rb2 {[%emt 0:03:46]} g5 {[%emt 0:02:59]} 40. Rc2 {[%emt 0:05:06]} f4+ {[%emt 0:00:19]} 41. Kd2 {[%emt 0:00:49]} Ne6 {[%emt 0:00:04]} 42. Kc3 {[%emt 0:00:19]} Nd8 {[%emt 0:01:59]} 43. Kb4 {[%emt 0:00:44]} Ne6 {[%emt 0:00:25]} 44. Re2 {[%emt 0:01:46]} Kf6 {[%emt 0:01:50]} 45. Kc3 {[%emt 0:01:12]} h5 {[%emt 0:00:13]} 46. Nd3 {[%emt 0:00:13]} g4 {[%emt 0:01:57]} 47. hxg4 {[%emt 0:00:05]} hxg4 {[%emt 0:00:01]} 48. Nb4 {[%emt 0:00:21]} f3 {[%emt 0:00:51]} 49. gxf3 {[%emt 0:00:01]} gxf3 {[%emt 0:00:02]} 50. Nxd5+ {[%emt 0:00:13]} Kg5 {[%emt 0:00:21]} 51. Re5+ {[%emt 0:00:47]} Kg4 {[%emt 0:00:50]} 52. Ne7 {[%emt 0:01:54]} Nf4 {[%emt 0:00:54]} 53. Kd2 {[%emt 0:00:27]} Be6 {[%emt 0:00:40]} 54. Ke3 {[%emt 0:01:13]} Rh8 {[%emt 0:01:09]} 55. Re4 {[%emt 0:00:15]} Rf8 {[%emt 0:01:11]} 56. Ng6 {[%emt 0:00:08]} f2 1-0

[Event "XV South American-ch Open U20 2019"]
[Site "Asuncion"]
[Date "2019.05.12"]
[Round "2.6"]
[White "Gimenez Aguirre, Alejo Ismael"]
[Black "Donoso Diaz, Sebastian"]
[Result "1-0"]
[WhiteElo "2247"]
[BlackElo "2251"]
[Annotator "TA"]
[PlyCount "65"]
[EventDate "2019.05.11"]
[EventType "swiss"]
[EventCountry "PAR"]
[SourceTitle "playchess.com"]
[Source "ChessBase"]
[SourceQuality "1"]

{[%evp 14,65,-19,-22,-31,-43,-16,-16,0,-4,5,0,69,46,105,83,99,21,29,0,0,0,0,0,18,23,103,105,187,185,235,239,231,239,228,200,312,306,618,623,808,802,780,793,781,776,774,775,870,840,1106,1100,1229,1255]} 1. e4 c5 2. Nf3 e6 3. d4 cxd4 4. Nxd4 Nc6 5. c4 Nf6 6. Nc3 Bb4 7. f3 d5 8. cxd5 exd5 {B44: Sicilian: Taimanov: 5 Nb5} 9. Bb5 Qb6 {White must now prevent ...0-0.} (9... Bd7 10. exd5 Nxd5 11. O-O Nxc3 12. bxc3 Bxc3 13. Bxc6 bxc6 14. Bb2 Bxb2 15. Qe2+ Qe7 16. Qxb2 {0-1 (36) Beukema,S (2280)-Simonian,T (2401) Groningen 2013}) 10. O-O O-O {The position is equal.} 11. Bxc6 $1 bxc6 12. e5 $146 ({Predecessor:} 12. Na4 Qc7 13. exd5 Nxd5 14. Qc2 Bd6 15. f4 Nxf4 16. Bxf4 Bxf4 17. Qxc6 Bxh2+ {0-1 (30) Kantor,R (1949)-Krajnak,R (2075) Slovakia 2013}) 12... Ne8 (12... Nd7 $11) 13. Be3 (13. Na4 $5 {[%cal Ra4b6]} Qc7 14. Bd2 $14) 13... Ba6 (13... Qb7 $14) 14. Re1 $36 {[%mdl 2048] White is on the roll.} Qb7 {Threatens to win with ...c5.} 15. Nb3 ({Better is} 15. a3 $16 Bc5 16. Na4 Bxd4 17. Qxd4) 15... Nc7 $11 16. Rc1 Ne6 {Hoping for ...d4!} 17. a3 Bxc3 18. Rxc3 Bc4 19. Qc2 Qc7 (19... Rfb8 $11 {keeps the balance.} 20. Na5 Qxb2) 20. Nc5 $16 Qxe5 (20... Rfe8 $16) 21. Nd7 $18 {[%mdl 64] [#] Double Attack} Qh5 22. Nxf8 Rxf8 23. Bxa7 Bb5 24. Qf2 Nf4 (24... Qg5 {was called for.} 25. b3 Rc8) 25. Qe3 Qf5 $2 (25... d4 26. Bxd4 (26. Qxf4 dxc3 27. bxc3 f6 $16) 26... Nd5) 26. Bc5 {White is clearly winning.} d4 {[#]} 27. Qe8 $1 {[%csl Gc5][%cal Re8f8][%mdl 512]} Ne6 (27... Rxe8 28. Rxe8#) 28. Bxf8 Nxf8 29. Rcc1 d3 30. Qd8 c5 31. Qd6 g6 32. Rxc5 d2 33. Rd1 {Accuracy: White = 69%, Black = 30%.} 1-0

[Event "XV South American-ch Open U20 2019"]
[Site "Asuncion"]
[Date "2019.05.12"]
[Round "2.7"]
[White "Cosme Contreras, Trilce"]
[Black "Cantero, Rodolfo"]
[Result "0-1"]
[WhiteElo "2051"]
[BlackElo "2059"]
[Annotator "NA RC"]
[PlyCount "114"]
[EventDate "2019.05.11"]
[EventType "swiss"]
[EventCountry "PAR"]
[SourceTitle "playchess.com"]
[Source "ChessBase"]
[SourceQuality "1"]
[TimeControl "5400+30"]

1. d4 Nf6 2. c4 e6 3. Nf3 Bb4+ 4. Bd2 c5 5. e3 O-O 6. Nc3 cxd4 7. Nxd4 Nc6 8. Be2 d5 9. Nxc6 bxc6 10. O-O Bd6 11. Rc1 Rb8 12. Na4 Ne4 13. Be1 f5 14. f3 Nf6 15. c5 Bc7 16. b3 Qe8 17. Nb2 Qh5 18. f4 Qh6 19. Bc3 e5 20. Nd3 Nd7 21. Bb2 Ba6 22. g3 e4 23. Nf2 Bxe2 24. Qxe2 Rb5 25. Bd4 a5 26. Kh1 a4 27. bxa4 Ra5 28. Rg1 Rxa4 29. Rc2 g6 30. Ba1 Bd8 31. g4 Qh4 32. Rg3 fxg4 33. Nxg4 Bf6 34. Nxf6+ Nxf6 35. Qg2 Qh5 36. Rc1 Nd7 37. Qb2 Nf6 38. Rf1 Qf5 39. Qg2 Nd7 40. Rg5 Qf7 41. f5 d4 42. Bxd4 Rxa2 43. Qg3 Qc4 44. Rb1 Rf7 45. Qg1 Qe2 46. Rf1 Kf8 47. Rf4 Rd2 48. Rf1 Ke7 49. f6+ Nxf6 50. Re5+ Kf8 51. Rg5 Nh5 52. Rxf7+ Kxf7 53. Rg2 Qf3 54. Bc3 Re2 55. Bd4 Ke6 56. h4 Ng3+ 57. Kh2 Nf1+ 0-1

[Event "XV South American-ch Open U20 2019"]
[Site "Asuncion"]
[Date "2019.05.12"]
[Round "2.8"]
[White "Cadilhac, Igor Tokuichi Kikuc"]
[Black "Mayeregger, Arnold"]
[Result "1-0"]
[WhiteElo "2288"]
[BlackElo "1913"]
[Annotator "TA"]
[PlyCount "59"]
[EventDate "2019.05.11"]
[EventType "swiss"]
[EventCountry "PAR"]
[SourceTitle "playchess.com"]
[Source "ChessBase"]
[SourceQuality "1"]

{[%evp 13,65,5,11,10,4,-11,0,-3,0,-27,14,15,2,17,17,0,0,0,84,88,95,72,93,76,100,98,135,87,152,153,274,99,112,91,93,97,108,99,121,42,50,53,239,212,810,791,1221,976,29989,29990,29990,1848,1728,1498]} 1. e4 c6 2. d4 d5 3. exd5 cxd5 4. Bd3 Nc6 5. c3 Qc7 6. Ne2 Bg4 7. f3 Bd7 8. O-O {B13: Caro-Kann: Exchange Variation and Panov-Botvinnik Attack} Nf6 9. Bg5 $146 ({Predecessor:} 9. Re1 e5 10. dxe5 Nxe5 11. Bf4 Bd6 12. Bxe5 Bxe5 13. f4 Bd6 14. Nd4+ Kf8 {1-0 (23) Perelshteyn,E (2524)-Shmeliov,D (2412) Manchester 2016}) 9... e6 10. f4 {The position is equal.} Bd6 11. Ng3 h6 12. Bxf6 $1 gxf6 13. Nh5 $36 {[%mdl 2048] White has some pressure.} O-O-O 14. Nxf6 Bxf4 15. Qh5 Rdf8 (15... Qb6 $11 {remains equal.} 16. Qe2 Qc7) 16. Na3 $16 a6 17. Rf3 Bd6 18. Nc2 Nd8 19. Ne3 Qb6 20. b3 Ba3 (20... Qc7 $142) 21. Raf1 Bb5 (21... Qc7 $16 {might work better.}) 22. Nfxd5 $2 (22. Bxb5 $18 {has better winning chances.} Qxb5 23. Qh3) 22... exd5 23. Nxd5 Qd6 24. Bxb5 axb5 25. b4 Rfg8 26. Rf6 ({White should play} 26. Qf5+ $16 Kb8 27. Nf6) 26... Ne6 $14 27. Ne3 (27. Qxf7 Qxd5 28. Qxe6+ Qxe6 $15) 27... Rg6 $2 ({Black should try} 27... Qc7 $1 $14) 28. Nf5 $18 ({But not} 28. Rxg6 fxg6 29. Qxg6 (29. Qxb5 Nc7 $11) 29... Rd8) (28. Rxf7 $6 Rhg8) (28. Qxb5 $6 Rxf6 29. Rxf6 Bc1 $16) 28... Qd7 $2 {[#]} (28... Rxg2+ 29. Kxg2 Nf4+ {[%mdl 64] Discovered Attack} 30. Rxf4 Qxf6) 29. Rxf7 $1 {[%mdl 512]} Rg5 (29... Qxf7 30. Nd6+) 30. Qf3 {Played: Qh5-e2} 1-0

[Event "XV South American-ch Open U20 2019"]
[Site "Asuncion"]
[Date "2019.05.12"]
[Round "2.9"]
[White "Gomez Barrera, Gonzalo Andres"]
[Black "Allo Collante, Enrique"]
[Result "0-1"]
[WhiteElo "2058"]
[BlackElo "1595"]
[Annotator "NA RC"]
[PlyCount "58"]
[EventDate "2019.05.11"]
[EventType "swiss"]
[EventCountry "PAR"]
[SourceTitle "playchess.com"]
[Source "ChessBase"]
[SourceQuality "1"]
[TimeControl "5400+30"]

1. e4 c6 2. d4 d5 3. e5 Bf5 4. h4 h5 5. Bd3 Bxd3 6. Qxd3 e6 7. Bg5 Be7 8. Nf3 Nh6 9. Bxh6 Rxh6 10. c4 dxc4 11. Qxc4 Rg6 12. O-O Nd7 13. Nc3 Nb6 14. Qb3 Rg4 15. a4 a5 16. Rfe1 Bb4 17. Re2 Bxc3 18. bxc3 Qd5 19. Qxd5 Nxd5 20. Rc2 Ke7 21. Rb1 b6 22. g3 f5 23. exf6+ gxf6 24. Kh2 Re4 25. Nd2 Re2 26. Kg2 Rb8 27. Kf3 Rxd2 28. Rxd2 Nxc3 29. Rc2 Nxb1 0-1

[Event "XV South American-ch Open U20 2019"]
[Site "Asuncion"]
[Date "2019.05.12"]
[Round "2.10"]
[White "Orrego Palermo, Marcelo"]
[Black "Benitez Galeano, Alejandro"]
[Result "0-1"]
[WhiteElo "1632"]
[BlackElo "2052"]
[Annotator "NA"]
[PlyCount "66"]
[EventDate "2019.05.11"]
[EventType "swiss"]
[EventCountry "PAR"]
[SourceTitle "playchess.com"]
[Source "ChessBase"]
[SourceQuality "1"]
[TimeControl "5400+30"]

1. d4 d5 2. Bf4 Nf6 3. e3 e6 4. Nf3 Bd6 5. Nbd2 O-O 6. Bd3 c5 7. c3 Bxf4 8. exf4 Qd6 9. g3 b6 10. O-O Ba6 11. Qe2 Bxd3 12. Qxd3 Nc6 13. Ne5 Rfc8 14. Rac1 c4 15. Qe3 b5 16. b3 Qa3 17. Ra1 a5 18. Rfc1 Rab8 19. h3 Qd6 20. g4 cxb3 21. axb3 Ra8 22. Ndf3 b4 23. Nxc6 Rxc6 24. Ne5 Rcc8 25. c4 dxc4 26. Nxc4 Qd8 27. Rxa5 Rxc4 28. Rxa8 Rxc1+ 29. Qxc1 Qxa8 30. Qc5 Nd5 31. f5 exf5 32. gxf5 h6 33. f3 Nf4 0-1

[Event "XV South American-ch Open U20 2019"]
[Site "Asuncion"]
[Date "2019.05.12"]
[Round "2.11"]
[White "Araoz Andrade, Ivan Alexander"]
[Black "Ayala Ruiz, Miguel Angel"]
[Result "1-0"]
[WhiteElo "1843"]
[BlackElo "1444"]
[Annotator "NA"]
[PlyCount "49"]
[EventDate "2019.05.11"]
[EventType "swiss"]
[EventCountry "PAR"]
[SourceTitle "playchess.com"]
[Source "ChessBase"]
[SourceQuality "1"]
[TimeControl "5400+30"]

1. e4 c5 2. Nf3 e6 3. d4 cxd4 4. Nxd4 a6 5. Bd3 Nf6 6. O-O Qc7 7. Qe2 Nc6 8. Nxc6 bxc6 9. e5 Nd5 10. a3 Be7 11. c4 Nb6 12. Nc3 c5 13. f4 f6 14. Qh5+ Kf8 15. exf6 Bxf6 16. f5 Qe5 17. Bf4 Qd4+ 18. Kh1 e5 19. Rad1 g6 20. Bh6+ Ke7 21. fxg6 hxg6 22. Qxg6 Qh4 23. Rxf6 Rxh6 24. Qg7+ Kd8 25. Qf8+ 1-0

[Event "XV South American-ch Open U20 2019"]
[Site "Asuncion"]
[Date "2019.05.12"]
[Round "2.12"]
[White "Avalos Sanabria, Augusto Alfredo"]
[Black "Melian, Juan Sebastian"]
[Result "0-1"]
[WhiteElo "1474"]
[BlackElo "1786"]
[Annotator "NA"]
[PlyCount "64"]
[EventDate "2019.05.11"]
[EventType "swiss"]
[EventCountry "PAR"]
[SourceTitle "playchess.com"]
[Source "ChessBase"]
[SourceQuality "1"]
[TimeControl "5400+30"]

1. e4 c5 2. Nc3 e6 3. Nf3 a6 4. Be2 b5 5. a3 Bb7 6. d3 d6 7. O-O Nf6 8. h3 Nbd7 9. Bg5 h6 10. Bh4 Be7 11. Qd2 g5 12. Bg3 g4 13. Ne1 gxh3 14. gxh3 h5 15. Kh2 h4 16. Bf4 Qc7 17. Bg4 Nxg4+ 18. hxg4 Nf6 19. f3 e5 20. Be3 d5 21. Bf2 O-O-O 22. Qe2 d4 23. Nd1 Nh7 24. c3 Nf8 25. cxd4 exd4+ 26. Kh3 Ng6 27. Ng2 Qf4 28. Qe1 Qxf3+ 29. Kh2 Bd6+ 30. Kg1 h3 31. Nde3 dxe3 32. Nxe3 h2# 0-1

[Event "XV South American-ch Open U20 2019"]
[Site "Asuncion"]
[Date "2019.05.12"]
[Round "3.1"]
[White "Estrada Lavin, Cristian Alexand"]
[Black "Munoz, Francisco Javier"]
[Result "1/2-1/2"]
[WhiteElo "2116"]
[BlackElo "2308"]
[Annotator "TA"]
[PlyCount "24"]
[EventDate "2019.05.11"]
[EventType "swiss"]
[EventCountry "PAR"]
[SourceTitle "playchess.com"]
[Source "ChessBase"]
[SourceQuality "1"]

{[%evp 17,24,20,20,12,32,14,40,40,40]} 1. Nf3 d5 2. b3 Nf6 3. Bb2 e6 4. c4 Be7 5. e3 O-O 6. Nc3 c5 7. cxd5 Nxd5 8. Nxd5 Qxd5 9. Bc4 Qd8 10. O-O {A13: English Opening: 1...e6} Nc6 11. Qc2 (11. d4 cxd4 12. Nxd4 Nxd4 13. Bxd4 Bd7 14. Qh5 Bc6 15. Rad1 Qc7 16. Bd3 g6 17. Qe2 e5 {½-½ (47) Bocharov,D (2594)-Grachev,B (2653) Serpukhov 2018}) 11... b6 $146 ({Predecessor:} 11... Bd7 12. d4 cxd4 13. Nxd4 Qa5 14. Rfd1 Rfd8 15. Nf3 Be8 {½-½ (15) Antoniewski,R (2522)-Cvek,R (2537) Slovakia 2015}) 12. d4 cxd4 1/2-1/2